000 01395nam a22002777a 4500
003 DO-CoUTE
005 20260514130858.0
008 260514b dr ||||| |||| 00| 0 spa d
040 _aDO-CoUTE
_bspa
_cDO-CoUTE
041 _aspa
092 _aINF 2025 C16
100 1 _aCapellán Dorvil, Clarisleidy Altagracia
_eSustentante
245 1 0 _aPortal Web para la Evaluación del Desempeño de los Colaboradores de la Universidad UTECO /
_cClarisleidy Altagracia Capellán Dorvil, José Alexander Sánchez Tavarez, Misael Antonio Moya Joaquín, Alex Daniel Ayala Francisco, Jonathan Reyes Ullola ; Asesor, Alba Lissette Peguero Fabián
260 _aCotuí, República Dominicana ;
_bUTECO,
_c2025
300 _a91 Hojas :
_bGraficos ;
_c23cm,
_e+ 1 CD-ROM
502 _aTrabajo de Grado (Licenciatura en Informática) Universidad Tecnológica del Cibao Oriental, 2025.
504 _aIncluye referencia bibliográfica e índice.
650 4 _aPortal web
700 1 _aClarisleidy Altagracia Capellán Dorvil
_eSustentante
700 1 _aJosé Alexander Sánchez Tavarez
_eSustentante
700 1 _aMisael Antonio Moya Joaquín
_eSustentante
700 1 _aAlba Lissette Peguero Fabián
_eAsesor
830 _aTesis y disertaciones académicas (Universidad Tecnológica del Cibao Oriental)
856 _yHaga Click Aquí para Descargar en Texto Completo
942 _2ddc
_cTH
999 _c24187
_d24187